京都府の市区町村(1968年) - Statistics

General Stats
  • This quiz has been taken 23 times
  • The average score is 30 of 52
Answer Stats
コード 市区町村 備考 % Correct
26102 京都市上京区
94%
26103 京都市左京区
94%
26106 京都市下京区
94%
26108 京都市右京区
94%
26204 宇治市
94%
26104 京都市中京区
88%
26101 京都市北区
82%
26206 亀岡市
82%
26105 京都市東山区
76%
26109 京都市伏見区
76%
26202 舞鶴市
76%
26107 京都市南区
71%
26201 福知山市
71%
26203 綾部市
65%
26205 宮津市
65%
26366 相楽郡精華町
65%
26303 乙訓郡大山崎町
59%
26361 相楽郡山城町 2007年消滅
59%
26362 相楽郡木津町 2007年消滅
59%
26363 相楽郡加茂町 2007年消滅
59%
26365 相楽郡和束町
59%
26367 相楽郡南山城村
59%
26301 乙訓郡向日町 1972年昇格
53%
26322 久世郡久御山町
53%
26342 綴喜郡田辺町 1997年昇格
53%
26343 綴喜郡井手町
53%
26364 相楽郡笠置町
53%
26401 船井郡園部町 2006年消滅
53%
26402 船井郡八木町 2006年消滅
53%
26302 乙訓郡長岡町 1972年昇格
47%
26344 綴喜郡宇治田原町
47%
26381 北桑田郡京北町 2005年消滅
47%
26382 北桑田郡美山町 2006年消滅
47%
26404 船井郡日吉町 2006年消滅
47%
26461 与謝郡加悦町 2006年消滅
47%
26463 与謝郡伊根町
47%
26341 綴喜郡八幡町 1977年昇格
41%
26403 船井郡丹波町 2005年消滅
41%
26406 船井郡和知町 2005年消滅
41%
26441 加佐郡大江町 2006年消滅
41%
26462 与謝郡岩滝町 2006年消滅
41%
26464 与謝郡野田川町 2006年消滅
41%
26481 中郡峰山町 2004年消滅
41%
26482 中郡大宮町 2004年消滅
41%
26501 竹野郡網野町 2004年消滅
41%
26502 竹野郡丹後町 2004年消滅
41%
26503 竹野郡弥栄町 2004年消滅
41%
26521 熊野郡久美浜町 2004年消滅
41%
26321 久世郡城陽町 1972年昇格
35%
26405 船井郡瑞穂町 2005年消滅
35%
26421 天田郡三和町 2006年消滅
35%
26422 天田郡夜久野町 2006年消滅
35%
No matching quizzes found
Score Distribution
Percent of People with Each Score
Percentile by Number Answered
Your Score History
You have not taken this quiz